Learning Resource and Development

Teaching to exceed in the English language arts : (Record no. 30635)

MARC details
000 -LEADER
fixed length control field 04703cam a22004698i 4500
001 - CONTROL NUMBER
control field 22474279
003 - CONTROL NUMBER IDENTIFIER
control field CSPC
005 - DATE AND TIME OF LATEST TRANSACTION
control field 20251008132832.0
008 - FIXED-LENGTH DATA ELEMENTS--GENERAL INFORMATION
fixed length control field 220311s2022 nyu b 001 0 eng
010 ## - LIBRARY OF CONGRESS CONTROL NUMBER
LC control number 2022004370
020 ## - INTERNATIONAL STANDARD BOOK NUMBER
International Standard Book Number 9781032008424
Qualifying information (paperback)
035 ## - SYSTEM CONTROL NUMBER
System control number 22474279
040 ## - CATALOGING SOURCE
Original cataloging agency LBSOR/DLC
Language of cataloging eng
Description conventions rda
Transcribing agency DLC
Modifying agency DLC
-- CSPC
042 ## - AUTHENTICATION CODE
Authentication code pcc
043 ## - GEOGRAPHIC AREA CODE
Geographic area code n-us---
050 00 - LIBRARY OF CONGRESS CALL NUMBER
Classification number LB1631
Item number .B356 2022
082 00 - DEWEY DECIMAL CLASSIFICATION NUMBER
Classification number 428.0071273
Item number B352t
Edition number 23/eng/20220421
100 1# - MAIN ENTRY--PERSONAL NAME
Personal name Beach, Richard,
Relator term author.
240 10 - UNIFORM TITLE
Uniform title Teaching to exceed the English language arts common core state standards
245 10 - TITLE STATEMENT
Title Teaching to exceed in the English language arts :
Remainder of title a justice, inquiry, and action approach for 6-12 classrooms /
Statement of responsibility, etc. Richard Beach, Ashley S. Boyd, Allen Webb, and Amanda Haertling Thein.
250 ## - EDITION STATEMENT
Edition statement Third edition.
263 ## - PROJECTED PUBLICATION DATE
Projected publication date 2205
264 #1 - PRODUCTION, PUBLICATION, DISTRIBUTION, MANUFACTURE, AND COPYRIGHT NOTICE
Place of production, publication, distribution, manufacture New York, NY ;
-- Abingdon, Oxon :
Name of producer, publisher, distributor, manufacturer Routledge,
Date of production, publication, distribution, manufacture, or copyright notice 2022.
300 ## - PHYSICAL DESCRIPTION
Extent xi, 245 pages ;
Dimensions 25 cm.
336 ## - CONTENT TYPE
Content type term text
Content type code txt
Source rdacontent
337 ## - MEDIA TYPE
Media type term unmediated
Media type code n
Source rdamedia
338 ## - CARRIER TYPE
Carrier type term volume
Carrier type code nc
Source rdacarrier
500 ## - GENERAL NOTE
General note Revised edition of: Teaching to exceed the English language arts common core state standards : a critical inquiry approach for 6-12 classrooms
504 ## - BIBLIOGRAPHY, ETC. NOTE
Bibliography, etc. note Includes bibliographical references and index.
505 0# - FORMATTED CONTENTS NOTE
Formatted contents note Section I. Theoretical frameworks/foundations of English language arts instruction -- Justice, inquiry, action -- Planning English language arts instruction -- Contexts, standards, and teacher freedom -- Section II. Implementing and exceeding the ELA state standards -- Teaching literature -- Teaching nonfiction -- Teaching writing -- Writing and enacting narratives, drama, and poetry -- Implementing digital/media literacy standards -- Implementing speaking and listening standards -- Implementing language standards -- Section III. Evaluation, assessment, and reflection -- Assessing students' work -- Fostering teacher reflection and professional development.
520 ## - SUMMARY, ETC.
Summary, etc. "Timely, thoughtful, and comprehensive, this text directly supports pre-service and in-service teachers in developing curriculum and instruction that both addresses and exceeds the requirements of English language arts standards. It demonstrates how the Common Core State Standards as well as other local and national standards' highest and best intentions for student success can be implemented from a critical, culturally relevant perspective firmly grounded in current literacy learning theory and research. The third edition frames ELA instruction around adopting a justice, inquiry, and action approach that supports' students in their schools and community contexts. Offering new ways to respond to current issues and events, the text provides specific examples of teachers employing the justice, inquiry, and action curriculum framework to promote critical engagement and learning. Chapters cover common problems and challenges, alternative models, and theories of language arts teaching. The framework, knowledge, and guidance in this book shows how ELA standards can not only be addressed but also surpassed through engaging instruction to foster truly diverse and inclusive classrooms. The Third Edition provides new material on: adopting a justice, inquiry and action approach to enhance student engagement and critical thinking planning instruction to effectively implement standards in the classroom teaching literary and informational texts, with a focus on authors of color integrating drama activities into literature teaching informational, explanatory, argumentative, and narrative writing supporting bilingual/ELL students using digital tools and apps to respond to and create digital texts addressing how larger contextual and political factors shape instruction fostering preservice teacher development"--
Assigning source Provided by publisher.
650 #0 - SUBJECT ADDED ENTRY--TOPICAL TERM
Topical term or geographic name entry element Language arts (Secondary)
General subdivision Curricula
Geographic subdivision United States
General subdivision States.
650 #0 - SUBJECT ADDED ENTRY--TOPICAL TERM
Topical term or geographic name entry element Language arts (Secondary)
General subdivision Standards
Geographic subdivision United States
General subdivision States.
700 1# - ADDED ENTRY--PERSONAL NAME
Personal name Boyd, Ashley S.
Fuller form of name (Ashley Summer),
Dates associated with a name 1982-
Relator term author.
700 1# - ADDED ENTRY--PERSONAL NAME
Personal name Webb, Allen,
Dates associated with a name 1957-
Relator term author.
700 1# - ADDED ENTRY--PERSONAL NAME
Personal name Thein, Amanda Haertling,
Relator term author.
776 08 - ADDITIONAL PHYSICAL FORM ENTRY
Relationship information Online version:
Main entry heading Beach, Richard.
Uniform title Teaching to exceed the English language arts common core state standards
Title Teaching to exceed in the English language arts.
Edition Third edition.
Place, publisher, and date of publication New York, NY : Routledge, 2022
International Standard Book Number 9781003177364
Record control number (DLC) 2022004371
906 ## - LOCAL DATA ELEMENT F, LDF (RLIN)
a 7
b cbc
c orignew
d 1
e ecip
f 20
g y-gencatlg
942 ## - ADDED ENTRY ELEMENTS (KOHA)
Source of classification or shelving scheme Dewey Decimal Classification
Koha item type Books
Edition 23
Classification part 428.0071273
Item part B352t
Call number prefix CIR
Call number suffix 2023
Suppress in OPAC No
Holdings
Withdrawn status Lost status Source of classification or shelving scheme Damaged status Not for loan Home library Current library Shelving location Date acquired Total Checkouts Full call number Barcode Date last seen Copy number Price effective from Koha item type
    Dewey Decimal Classification     Main Library Main Library Circulation Section 10/08/2025   CIR 428.0071273 B352t 2023 030371 10/08/2025 1-1 10/08/2025 Books